000 00837nam a2200265Ia 4500
003 OSt
005 20260216103806.0
008 210210b2017 xxu||||| |||| 00| 0 eng d
020 _a9386278944
040 _cAL
041 _aKannada
082 _aK894.4 NAGK
100 _aNAGARAJARAV (M V)
_d ನಾಗರಾಜರಾವ್ ಎಂ ವಿ
_9255008
245 _aKathegalalli kanda gandhi: vyakti vyaktitva
_bಕಥೆಗಳಲ್ಲಿ ಕಂಡ ಗಾಂಧಿ : ವ್ಯಕ್ತಿ ವ್ಯಕ್ತಿತ್ವ
260 _aBengaluru
_bVasanta Prakashana
_c2017
300 _aviii,152
650 _avyaktitva
_9255009
650 _avyakti
_9255010
650 _aKathegalalli
_9255011
650 _akanda
_9255012
650 _agandhi:
_9255013
690 _aKannada Prose
_9255014
906 _a073711
942 _2ddc
_cBK
999 _c123490
_d123490